000
00334nam a2200145Ia 4500
100
_a
Sundaram/C.V/ Krishnan/L.V
650
_a
General
942
_c
BK
654
_a
atomic
245
_a
Atomic Energy in India 50 Years
260
_b
Govt of India
_a
New Delhi
_c
1998
082
_a
333.7932
_b
SUN
300
_a
277
546
_a
ENGLISH
999
_c
23166
_d
23166